Hunger Games Character by Limerick Quiz Stats

Quiz Updated Jan 3, 2014

Challenge
Share
Tweet
Score 0/13 Timer 03:00
1 Play Today
Limerick Character % Correct
My sister looks like little Rue
Her name was called, what do I do?
Volunteered for the games
Almost went up in flames
Fell in love with the baker's son too
Katniss
97.4%
I mentor the games of Panem
The drunkest man in town I am
Some kids might have died
In the arena I thrived
The force field I used once again
Haymitch
93.5%
One of six children that's me
I love climbing up the tall trees
I was very fearful
Till I got a spearfull
Katniss flowered me up with debris
Rue
91.9%
My face looks like a fox to some
Like a fox, I'm really not dumb
But I almost cried
The way that I died
The berries were really just scum
Foxface
91.9%
I'm the prez of Panem, it's swell
My roses make a lovely smell
The flow of the blood
Spills into the bud
I really ought to go to h***
Snow
91.1%
After the day of the reaping
I knew I was in for a weeping
I could not survive
With my love by my side
So I knew that my heart must stop beating
Peeta
89.6%
In styling I went overboard
However it made me adored
For the girl to impress
I made her a dress
And got killed by Snow as my reward
Cinna
89%
I'm always on time, never late
My hair almost always looks great
I wish them all odds
Then the audience applauds
When they find out what is their fate
Effie
86%
It was me who gave Katniss the pin
I always knew that she could win
In fire I died
For me Katniss cried
We really were almost like twins
Madge
76.4%
The arena was shaped like a clock
I figured it out 'Tick Tock'
As mad as I was
I created a buzz
When they figured it out they all gawked
Wiress
73%
Girl on fire I almost did kill
I was doing fine until
Thresh took me away
And saved her a day
He killed me and my scream was shrill
Clove
69.3%
In my games I faked to be weak
However, I had good technique
I had used my axe
To make cracks in their backs
In water I always do shriek
Johanna
64.5%
District one is where I'm from
Killing tributes has always been fun
The girl from eleven
Who looked like she's seven
Was fast, but from me couldn't run
Marvel
60.5%

You're not logged in!

Compare scores with friends on all Sporcle quizzes.
Join for Free
OR
Log In

You Might Also Like...

Show Comments

Extras

Top Quizzes Today


Score Distribution

Your Account Isn't Verified!

In order to create a playlist on Sporcle, you need to verify the email address you used during registration. Go to your Sporcle Settings to finish the process.

Report this User

Report this user for behavior that violates our Community Guidelines.

Details: